The Other Side Lyrics (Greatest Showman) Part 1 - Statistics

General Stats
  • This quiz has been taken 93 times
  • The average score is 8 of 27
Answer Stats
Hint Answer % Correct
Right here right now I put the offer out
95%
I don't wanna chase you down I know you see it
51%
typical and if its crazy live a little
49%
trade that typical for something
49%
you run with me and I can cut you free out
42%
of the drudgery and walls you keep in so
42%
it just wont happen so thanks but no
33%
cause I got what you need so come with me and take the ride
32%
it'll take to the other side so you can do like you do or
32%
crazy or you can risk it all and see don't you want
30%
you finally take the key oh
29%
to get away from the same old part you got to play
27%
you can do like me stay in the cage or
26%
and that whole show you do youre on to something really its
26%
I think im good to go cause I quite enjoy the life
25%
you say im trapped in now I admire you
25%
dont pick up peanut shells ill have to leave that up to you
22%
it'll take you to the other side okay my friend you
22%
something but I live among the swells and we
21%
wanna cut me in well I hate to tell you but
21%
to take the key (Curse) Beep man! cant you see im doing fine
19%
I dont need to see the other side cant you see im doing fine
19%
im good to do like me aint in a cage so I dont need
18%
I dont need to see the other side so go and do like you do
12%
dont you know that im okay with this uptown part I got to play
10%
cause I got what I need and I dont need to take the ride
5%
(Curse) -----Beep-----man! suddenly your free to fly
1%
No matching quizzes found
Score Distribution
Percent of People with Each Score
Percentile by Number Answered
Your Score History
You have not taken this quiz